00367nam a2200145Ia 4500008004100000020001500041041001200056082001600068100001400084245005600098260002500154300000800179650001800187700001600205221030s9999 xx 000 0 und d a0074632272 aEnglish a105.23bKoo aH. Koontz 0aEssentials Of Managementcby H. Koontz, H. Weihrich bTMHaNew Delhic2002 a530 aBE Management aH. Weihrich